Vista normal
Vista MARC
Entrada Corporate Name
Número de registros utilizados en: 2
001 - CONTROL NUMBER
- control field: 12178
003 - CONTROL NUMBER IDENTIFIER
- control field: DLC
005 - DATE AND TIME OF LATEST TRANSACTION
- control field: 20220228150722.0
008 - FIXED-LENGTH DATA ELEMENTS
- fixed length control field: 800327n| azannaab |a ana
010 ## - LIBRARY OF CONGRESS CONTROL NUMBER
- LC control number: n 50005938
040 ## - CATALOGING SOURCE
- Original cataloging agency: DLC
- Language of cataloging: spa
- Description conventions: rda
- Transcribing agency: Mx-PuUPA
- Modifying agency: DLC
- Modifying agency: Mx-PuUPA
110 2# - HEADING--CORPORATE NAME
- Corporate name or jurisdiction name as entry element: Scott Publishing Co.
374 ## - OCCUPATION
- Occupation: Autor
377 ## - ASSOCIATED LANGUAGE
- Language code: eng
410 20 - SEE FROM TRACING--CORPORATE NAME
- Corporate name or jurisdiction name as entry element: Scott Publishing Company (New York, N.Y.)
510 20 - SEE ALSO FROM TRACING--CORPORATE NAME
- Control subfield: a
- Corporate name or jurisdiction name as entry element: Scott Publications, Inc.
670 ## - SOURCE DATA FOUND
- Source citation: Its Scott's standard postage stamp ... 1971-
670 ## - SOURCE DATA FOUND
- Source citation: Scott's standard postage stamp catalog, 1972:
- Information found: t.p. (Scott Publishing Co.); 1939: t.p. (Scott Publications, Inc.)
670 ## - SOURCE DATA FOUND
- Source citation: Mellone, M. Mellone's Specialized cachet catalog of first day covers of the 1950's, 1983:
- Information found: t.p. (Scott)
670 ## - SOURCE DATA FOUND
- Source citation: PTLA, 1982
- Information found: (Scott Publishing Company; New York, N.Y.)